00485nam a2200145Ia 4500008004100000041000800041082001200049100001900061245004500080260003600125300003100161365001100192999001700203952011900220240624s9999 xx 000 0 und d aeng a823 BAG aBAGCHI SUBROTO aELEPHANT CATCHERS KEY LESSONS FOR BREAKT c2013aNew DelhibHachette India axii, : 232 : p. : cm. ; 23 cRSb25 c23671d23671 00104070aIMTNbIMTNcRack 39-Ad2014-11-05eVBCg499.00o823 BAGp23671r2024-06-24 00:00:00t1w2024-06-24yBK